| 000 | 00580nam a22001817a 4500 | ||
|---|---|---|---|
| 003 | OSt | ||
| 005 | 20180116183031.0 | ||
| 008 | 151221b xxu||||| |||| 00| 0 eng d | ||
| 020 | _a04-2315-2000-1 | ||
| 024 | _204-2315-2000-1 | ||
| 040 | _cLahore LUMS | ||
| 082 | _a 174.4 LUM 2000 | ||
| 100 | _aTariq M, Amir I | ||
| 245 |
_aShaukat Khanum Memorial Cancer Hospital and Research Centre _cTariq M, Amir I |
||
| 260 |
_aLahore LUMS _b Lahore University of Management Sciences _c2000 |
||
| 440 | _aSHAUKAT KHANUM MEMORIAL CANCER HOSPITAL AND RESEARCH CENTRE | ||
| 942 |
_2ddc _cCS |
||
| 999 |
_c351018 _d351018 |
||